| 000 | 00576nam a2200205Ii 4500 | ||
|---|---|---|---|
| 003 | JO-AjNU | ||
| 008 | 230606s9999||||xx |||||||||||||| ||und|| | ||
| 020 | _a978-93-5014-541-8 | ||
| 040 |
_aJO-AjNU _beng _erda _cJO-AjNU |
||
| 041 | _aeng | ||
| 050 | 1 | 4 | _aQA297.2014 |
| 100 | 3 |
_aGupta,Surbhi/Sharama,Abhilasha, _eauthor _94709 |
|
| 245 | 0 | 0 | _aNumerical Analaysis |
| 264 | 3 | 1 | _aNewdelh:katraia,2014 |
| 300 | _a410p | ||
| 336 |
_atext _btxt _2rdacontent |
||
| 337 |
_aunmediated _bn _2rdamedia |
||
| 338 |
_avolume _bnc _2rdacarrier |
||
| 650 | 4 |
_anumerical Analaysis _94710 |
|
| 999 |
_aE2440 _c2438 _d2438 |
||